000 00484nam a22001817a 4500
005 20260514122618.0
008 260514b |||||||| |||| 00| 0 eng d
020 _a9789332555440
_c740.00
040 _aMAIN
041 _aEnglish
082 _a 621.384
_bTOH
100 _aToh, C.K.
_922506
245 _aAD HOC Mobile wireless Networks
_b: Protocols And Systems
260 _aNoida
_bPearson
_c2016
300 _a294
650 _aComputer Science (PM (USHA)
_926808
942 _cBK
999 _c60792
_d60792